000 00720nam a2200229 i 4500
001 73587
003 ES-MaACL
005 20250824004926.0
007 t|
008 040908s1983 sp ||||1| spa d
080 _a78(467.1)"04/14"
100 1 _aGómez Muntané, María del Carmen.
_958192
245 1 3 _aLa música medieval /
_cMª Carme Gómez i Muntané.
260 _aBarcelona :
_bLa Llar del Libre,
_c1983.
300 _a110 p. :
_bil. ;
_c19 cm.
490 1 _aEls Llibres de la frontera
650 7 _aMúsica-
_yS.V-XV
_2
_9141161
650 0 4 _aMúsica-
_zCataluña
_915379
830 0 _aEls Llibres de la frontera
_9231178
852 4 _aES-MaACL
_jL-5011
_9R.105587
999 _c73587
_d73587